000 01006cam a2200277 i 4500
001 40401
003 BD-RjUL
005 20211209053214.0
008 151128s2015 ii ab b 001 0 eng d
020 _a9789380036809
_c: IRs.250.00
035 _a(BD-RjUL)40516
040 _aBD-RjUL
_beng
_cBD-RjUL
041 _aeng
082 0 4 _a371.828297
_223
_bHOC 2015
100 1 _aHossain, Anowar,
_9124458
245 1 0 _aCalcutta Madrasah and modern education :
_brole of Nawab Abdul Latif in the historical perspective /
_cAnowar Hossain.
260 _aKolkata :
_bMitram,
_c2015
300 _a312 pages :
_billustrations (colour), 1 map (colour) ;
_c22 cm
504 _aIncludes bibliographical references (pages 281-292) and index.
600 0 0 _aAbdul Latif,
_d1828-1893.
_9124431
610 2 0 _aCalcutta Madrasah
_9124459
650 0 _aSchools, British
_zIndia
_zBengal
_xHistory.
_9124460
650 0 _aMuslims
_xEducation
_zIndia
_zBengal
_xHistory.
_9124461
942 _2ddc
_cBK
999 _c40401
_d40401